Datum a čas kvízu
36
Celkem bodů
Celkový počet nahraných bodů na tomto kvízu bez doplňovacích otázek.
2.
Pořadí na kvízu
Konečné umístění týmu na tomto kvízu.
Zaznamenané odpovědi
| # | Otázka | Odpověď | Body | Výsledky |
|---|---|---|---|---|
| 1. | Lele Ceterové, partnerce bojov... | Rocky | 0 | |
| 2. | Které oblečení zakázal severok... | A | 1 | |
| 3. | Dva britští zpěváci společně n... | Ed Sheeran, Elton John | 1 | |
| 4. | Životní úroveň v Česku se loni... | Lucembursko | 0 | |
| 5. | Minulý týden se v Paříži udělo... | posedmé | 0 | |
| 6. | Po slavných psech a koních při... | Francie | 1 | |
| 7. | Kocoura na obrázku můžeme znát... | Sylvester | 1 | |
| 8. | Ve Spojeném království jsou ko... | myšilov | 1 | |
| 9. | Neopomeneme ani slavné literár... | Šklíba | 1 | |
| 10. | Téma slavných koček zakončíme... | Bastet (též Baset, Baast, Ubaste) | 1 |